000 00354nam a2200133Ia 4500
008 240624s9999 xx 000 0 und d
041 _aeng
082 _a823 BAG
100 _aBAGCHI SUBROTO
245 _aELEPHANT CATCHERS KEY LESSONS FOR BREAKT
260 _c2013
_aNew Delhi
_bHachette India
300 _axii, : 232 : p. : cm. ; 23
365 _cRS
_b25
999 _c23671
_d23671